Centrum chorvátskej kultúry, Jarovce

Uložené v:
Podrobná bibliografia
Hlavný autor: Kubiritová, Michaela (Autor)
Ďalší autori: Pavúk, Ján (Vedúci práce)
Médium: Rukopis Kniha
Jazyk:Slovak
Vydavateľské údaje: 2025
Predmet:
On-line prístup:http://is.stuba.sk/zp/portal_zp.pl?podrobnosti=168237
Tagy: Pridať tag
Žiadne tagy, Buďte prvý, kto otaguje tento záznam!

MARC

LEADER 00000ntm a22000003a 4500
001 stuzp105121
003 SK-STU
005 20250614213633.1
007 ta
008 150427s2015----xo-----f-mn---000-0-slo-d
040 |a STU  |b slo 
041 0 |a slo 
100 1 |a Kubiritová, Michaela  |u 051110  |4 aut  |U FAD Fakulta architektúry a dizajnu  |T FAD Ústav architektúry obytných budov  |X 115570  |U A1110  |Y 392  |7 115570 
242 0 1 |a Center of Croatian Culture, Jarovce  |y eng 
245 1 0 |a Centrum chorvátskej kultúry, Jarovce 
260 |c 2025 
650 4 |a architectural design  |2 eng 
650 4 |a Croatian Cultural Center  |2 eng 
650 4 |a Jarovce  |2 eng 
650 4 |a cultural center  |2 eng 
650 4 |a kultúrne centrum  |2 slo 
650 4 |a architektonický návrh  |2 slo 
650 4 |a Centrum chorvátskej kultúry  |2 slo 
650 4 |a Jarovce  |2 slo 
700 1 |a Pavúk, Ján  |u 051110  |k Z8  |4 ths  |U FAD Fakulta architektúry a dizajnu  |T FAD Ústav architektúry obytných budov  |X 38065  |U A1110  |Y 392  |7 A000038065 
856 4 |u http://is.stuba.sk/zp/portal_zp.pl?podrobnosti=168237